| 000 | 00853cam a22002651 4500 | ||
|---|---|---|---|
| 001 | ne 68000336 | ||
| 003 | DLC | ||
| 005 | 20260227111837.0 | ||
| 008 | 710901s1967 ua c 00000 eng | ||
| 010 | _ane 68000336 //r91 | ||
| 025 | _aPL480:UAR-8740 | ||
| 040 |
_aDLC _cDLC _dDLC |
||
| 043 | _af-ua--- | ||
| 050 | 0 | 0 |
_aHV9219 _b.A36 |
| 082 | 0 | 0 | _a364.36/0962 |
| 110 | 1 | 0 |
_aUnited Arab Republic. _bWizārat al-Shuʼūn al-Ijtimāʻīyah. |
| 245 | 1 | 0 | _aSocial defence. |
| 260 | 1 |
_a[Cairo] _c1967. |
|
| 300 |
_a32 p. _bport. _c19 cm. |
||
| 350 | _aN.T. | ||
| 500 | _aAt head of title: United Arab Republic. Ministry of Social Affairs. | ||
| 500 | _aOn cover: Conference of the Ministers of Social Affairs in Africa. Cairo, 10-13 April 1967. | ||
| 650 | 0 |
_aJuvenile delinquency _zEgypt. |
|
| 650 | 0 |
_aSocial work with juvenile delinquents _zEgypt. |
|
| 999 |
_c50001 _d50001 |
||